[Event "EU-ch 23rd"]
[Site "Vrnjacka Banja"]
[Date "2023.03.12"]
[Round "10"]
[White "Ozsac, Samet Harun"]
[Black "Royal, Shreyas"]
[Result "0-1"]
[WhiteElo "2293"]
[BlackElo "2452"]
[PlyCount "45"]
[EventDate "2023.03.03"]
[EventType "swiss"]
[EventRounds "11"]
[EventCountry "SRB"]
[SourceTitle "CBM 213"]
[Source "ChessBase"]
[SourceDate "2023.04.30"]
[SourceVersion "1"]
[SourceVersionDate "2023.04.30"]
[SourceQuality "1"]

1. c4 Nf6 2. Nc3 e5 3. Nf3 Nc6 4. e4 Bb4 5. d3 d6 6. a3 Bxc3+ 7. bxc3 0-0 8. g3 Rb8 9. a4 Ne8 10. Nh4 Ne7 11. Bg2 f5 12. exf5 Nxf5 13. Nxf5 Bxf5 14. Be3 b6 15. a5 Nf6 16. 0-0 Qd7 17. axb6 axb6 18. Ra7 Bh3 19. Qa4 Qf5 20. Bxh3 Qxh3 21. Qc6 Rbc8 22. Qg2 Qh5 23. Rfa1 0-1

[Event "Istanbul op"]
[Site "Istanbul"]
[Date "2022.08.13"]
[Round "8"]
[White "Ozsac, Samet Harun"]
[Black "Akbas, Umut Ata"]
[Result "0-1"]
[WhiteElo "2329"]
[BlackElo "2274"]
[PlyCount "94"]
[EventDate "2022.08.08"]
[EventType "swiss"]
[EventRounds "9"]
[EventCountry "TUR"]
[SourceTitle "CBM 209 Extra"]
[Source "ChessBase"]
[SourceDate "2022.09.30"]
[SourceVersion "1"]
[SourceVersionDate "2022.09.30"]
[SourceQuality "1"]

1. c4 Nf6 2. Nc3 c5 3. g3 d5 4. cxd5 Nxd5 5. Bg2 Nc7 6. Nf3 Nc6 7. d3 e5 8. 0-0 Be7 9. Be3 0-0 10. Na4 b6 11. Rc1 Be6 12. Nc3 Rc8 13. Nd2 Nd4 14. Qa4 Bd7 15. Qd1 Nf5 16. Nc4 Nxe3 17. Nxe3 Bg5 18. Qd2 Be6 19. f4 exf4 20. gxf4 Bh6 21. Kh1 Re8 22. Rf3 f5 23. Rd1 b5 24. b3 Qd6 25. d4 Rcd8 26. d5 Bc8 27. Qc2 g6 28. a4 a6 29. axb5 axb5 30. Rdf1 Bb7 31. Qd3 b4 32. Nb5 Nxb5 33. Qxb5 Ba6 34. Qa5 Bxe2 35. Nc4 Qf8 36. d6 Bxf3 37. Bxf3 Rxd6 38. Qxc5 Rde6 39. Qb5 Re1 40. Bd5+ Kh8 41. Ne5 Rxf1+ 42. Qxf1 Qc5 43. Bc4 Bxf4 44. Nf7+ Kg7 45. Qa1+ Be5 46. Qa4 Qf2 47. Qd7 Qxh2# 0-1

[Event "EU-ch Hybrid U16"]
[Site "Tornelo INT"]
[Date "2021.10.15"]
[Round "6"]
[White "Ozsac, Samet Harun"]
[Black "Creanga, Robert Ionut"]
[Result "0-1"]
[WhiteElo "1887"]
[BlackElo "2163"]
[PlyCount "74"]
[EventDate "2021.10.15"]
[EventType "swiss"]
[EventRounds "9"]
[EventCountry "NET"]
[SourceTitle "EXT 2023"]
[Source "ChessBase"]
[SourceDate "2022.10.05"]
[SourceVersion "1"]
[SourceVersionDate "2022.10.05"]
[SourceQuality "1"]
[WhiteTeam "Turkey"]
[BlackTeam "Romania"]
[WhiteTeamCountry "TUR"]
[BlackTeamCountry "ROU"]

1. c4 e5 2. d3 Nf6 3. Nc3 d5 4. cxd5 Nxd5 5. Nf3 Nc6 6. Nxd5 Qxd5 7. e4 Bb4+ 8. Bd2 Bxd2+ 9. Qxd2 Qd6 10. Be2 Bg4 11. 0-0 Bxf3 12. Bxf3 Nd4 13. Rac1 0-0 14. Bd1 c6 15. Bb3 a5 16. Rce1 a4 17. Bd1 Ne6 18. Bg4 Nc5 19. Re3 Rfd8 20. Bf5 g6 21. Rg3 Kh8 22. Qh6 Qf8 23. Qh4 Qg7 24. Qe7 b6 25. Qc7 Qf6 26. Bg4 Nxd3 27. Rf3 Qd6 28. Qxb6 Nc5 29. Rc3 Nxe4 30. Rxc6 Qd4 31. Qb7 Ra7 32. Qb6 h5 33. Bf3 Nd2 34. Rc5 Rad7 35. Re1 e4 36. Be2 Rd6 37. Qa5 Rf6 0-1

[Event "EU-ch Hybrid U16"]
[Site "Tornelo INT"]
[Date "2021.10.15"]
[Round "9"]
[White "Ozsac, Samet Harun"]
[Black "Qalichava, Akaki"]
[Result "0-1"]
[WhiteElo "1887"]
[BlackElo "2014"]
[PlyCount "48"]
[EventDate "2021.10.15"]
[EventType "swiss"]
[EventRounds "9"]
[EventCountry "NET"]
[SourceTitle "EXT 2023"]
[Source "ChessBase"]
[SourceDate "2022.10.05"]
[SourceVersion "1"]
[SourceVersionDate "2022.10.05"]
[SourceQuality "1"]
[WhiteTeam "Turkey"]
[BlackTeam "Georgia"]
[WhiteTeamCountry "TUR"]
[BlackTeamCountry "GEO"]

1. c4 e5 2. d3 Nf6 3. Nf3 Nc6 4. a3 a5 5. Nc3 d5 6. Bg5 d4 7. Nd5 Be7 8. Bxf6 Bxf6 9. g3 Be6 10. Nxf6+ Qxf6 11. Bg2 0-0 12. Nd2 Qe7 13. 0-0 f5 14. Qc2 Bf7 15. Rfe1 Kh8 16. e3 Qf6 17. Rab1 Rad8 18. Nf3 Bh5 19. c5 f4 20. exf4 exf4 21. Rf1 Bxf3 22. Bxf3 Ne5 23. Be4 f3 24. Qd2 Qe6 0-1

[Event "Kirsehir Ahilik op"]
[Site "Kirsehir"]
[Date "2021.09.16"]
[Round "6"]
[White "Ozsac, Samet Harun"]
[Black "Korkmaz, Necmettin"]
[Result "0-1"]
[WhiteElo "1805"]
[BlackElo "2107"]
[PlyCount "80"]
[EventDate "2021.09.13"]
[EventType "swiss"]
[EventRounds "9"]
[EventCountry "TUR"]
[SourceTitle "CBM 204 Extra"]
[Source "ChessBase"]
[SourceDate "2021.11.30"]
[SourceVersion "1"]
[SourceVersionDate "2021.11.30"]
[SourceQuality "1"]

1. Nf3 d5 2. g3 Nf6 3. Bg2 c6 4. 0-0 Bf5 5. d3 e6 6. Nbd2 h6 7. b3 Be7 8. Bb2 0-0 9. Re1 a5 10. a3 Qb6 11. c4 Nbd7 12. Qc2 Rfc8 13. Bc3 Qa7 14. b4 b6 15. e4 Bh7 16. Qb2 Bf8 17. Ne5 axb4 18. axb4 Qb7 19. Rxa8 Rxa8 20. Nxd7 Qxd7 21. exd5 exd5 22. b5 cxb5 23. Bxf6 gxf6 24. Bxd5 Ra3 25. Qxf6 Rxd3 26. Nf3 bxc4 27. Bxc4 Rd6 28. Qf4 Qf5 29. Qe3 Rf6 30. Nd4 Qd7 31. Bb5 Qd5 32. Bf1 Bc5 33. Rd1 Rd6 34. Qe8+ Kg7 35. Bg2 Qh5 36. Bf3 Qg5 37. h4 Qf6 38. Nb5 Qxf3 39. Qe5+ Rf6 40. Rd2 Bxf2+ 0-1

[Event "Kirsehir Ahilik op"]
[Site "Kirsehir"]
[Date "2021.09.14"]
[Round "2"]
[White "Ozsac, Samet Harun"]
[Black "Gur, Tuba"]
[Result "1-0"]
[WhiteElo "1805"]
[BlackElo "1746"]
[PlyCount "73"]
[EventDate "2021.09.13"]
[EventType "swiss"]
[EventRounds "9"]
[EventCountry "TUR"]
[SourceTitle "CBM 204 Extra"]
[Source "ChessBase"]
[SourceDate "2021.11.30"]
[SourceVersion "1"]
[SourceVersionDate "2021.11.30"]
[SourceQuality "1"]

1. e4 c5 2. Nf3 Nc6 3. Bb5 g6 4. 0-0 Bg7 5. Re1 e5 6. Nc3 Nge7 7. Nd5 0-0 8. d3 d6 9. Bg5 f6 10. Bc4 Kh8 11. Be3 Nxd5 12. Bxd5 Nd4 13. Bxd4 cxd4 14. c3 dxc3 15. bxc3 f5 16. Nd2 Qc7 17. Qb3 Rb8 18. Qc4 Qe7 19. a4 f4 20. f3 g5 21. h3 h5 22. Kf2 a6 23. Reb1 b5 24. axb5 Qa7+ 25. Ke2 Qe3+ 26. Kd1 Rxb5 27. Kc2 Rc5 28. Qa4 Bf5 29. Qxa6 Rfc8 30. Ra3 Bd7 31. c4 Bf8 32. Rb7 R5c7 33. Rxc7 Rxc7 34. Qa8 Kg7 35. Qd8 Ba4+ 36. Rxa4 Re7 37. Ra8 1-0

[Event "Ankara Ipek Memorial 8th"]
[Site "Ankara"]
[Date "2020.03.04"]
[Round "1"]
[White "Cicekli, Ruzgar"]
[Black "Ozsac, Samet Harun"]
[Result "0-1"]
[WhiteElo "1218"]
[BlackElo "1844"]
[PlyCount "98"]
[EventDate "2020.03.04"]
[EventType "swiss"]
[EventRounds "7"]
[EventCountry "TUR"]
[SourceTitle "CBM 195 Extra"]
[Source "ChessBase"]
[SourceDate "2020.05.31"]
[SourceVersion "1"]
[SourceVersionDate "2020.05.31"]
[SourceQuality "1"]

1. d4 Nf6 2. c4 g6 3. Nc3 Bg7 4. e4 d6 5. Nf3 Bg4 6. Be2 Nfd7 7. 0-0 Bxf3 8. Bxf3 Nc6 9. Be3 e5 10. d5 Nd4 11. Bxd4 exd4 12. Nb5 d3 13. Qxd3 Bxb2 14. Rab1 Bg7 15. Nd4 Nc5 16. Qe3 0-0 17. Nb3 Nxb3 18. Rxb3 b6 19. Bd1 Re8 20. Qf4 Re5 21. Re3 Qd7 22. Qg3 a5 23. a4 Rae8 24. Bc2 R5e7 25. f4 Bd4 26. f5 Bxe3+ 27. Qxe3 Re5 28. Qh6 Qe7 29. f6 Qf8 30. Qf4 h5 31. Rf3 Kh7 32. g4 Qh6 33. Kg2 hxg4 34. Qxh6+ Kxh6 35. Rf4 g5 36. Rxg4 Kg6 37. Rg3 Kxf6 38. Rh3 Kg7 39. Kf3 Rh8 40. Rxh8 Kxh8 41. Ke3 f5 42. Kd4 fxe4 43. Bxe4 Kg7 44. h3 Kf6 45. Bf3 Kf5 46. Bg4+ Kf4 47. Be6 Re1 48. Kc3 Kg3 49. Kb3 Rh1 0-1

[Event "TUR-ch U13-U18"]
[Site "Antalya"]
[Date "2020.01.21"]
[Round "5"]
[White "Ozsac, Samet Harun"]
[Black "Bicer, Atakan Mert"]
[Result "1-0"]
[WhiteElo "1754"]
[BlackElo "2215"]
[PlyCount "121"]
[EventDate "2020.01.19"]
[EventType "swiss"]
[EventRounds "11"]
[EventCountry "TUR"]
[SourceTitle "CBM 195 Extra"]
[Source "ChessBase"]
[SourceDate "2020.05.31"]
[SourceVersion "1"]
[SourceVersionDate "2020.05.31"]
[SourceQuality "1"]

1. Nf3 d5 2. g3 Nf6 3. Bg2 c6 4. 0-0 Bf5 5. d3 e6 6. Nbd2 Be7 7. Re1 0-0 8. b3 Na6 9. Bb2 Nc5 10. Ne5 a5 11. a4 h6 12. e4 Bh7 13. Qe2 Re8 14. Rad1 Rc8 15. Ng4 Nfd7 16. h4 f5 17. Nh2 Nf6 18. e5 Nfd7 19. Nhf3 b5 20. axb5 cxb5 21. Nd4 Qb6 22. Ra1 Na6 23. N2f3 Bb4 24. Rec1 Bg6 25. c3 Bf8 26. Qd2 Ndc5 27. Ne1 Be7 28. Ra2 a4 29. b4 Nd7 30. Ndf3 d4 31. Nxd4 Nxe5 32. Nef3 Ng4 33. Re1 Bf6 34. Nh2 Nxh2 35. Kxh2 e5 36. Nc2 Bf7 37. Raa1 Qb8 38. d4 e4 39. Kg1 Rcd8 40. Rad1 Bh5 41. Rc1 g5 42. Na3 Kg7 43. hxg5 hxg5 44. c4 bxc4 45. Rxc4 Rd5 46. b5 Nc7 47. Rxa4 Bg6 48. Rc4 Ne6 49. Nc2 Rxb5 50. Bc3 Rd8 51. d5 Rbxd5 52. Bxf6+ Kxf6 53. Qc3+ Kf7 54. Nb4 Rd3 55. Nxd3 Rxd3 56. Rc8 Qd6 57. Qh8 Nf8 58. Bf1 Qb4 59. Rec1 Qd6 60. Bxd3 exd3 61. Rxf8+ 1-0

[Event "TUR-chT 1st League"]
[Site "Konya"]
[Date "2019.07.25"]
[Round "5.8"]
[White "Ozsac, Samet Harun"]
[Black "Temizer, Umut"]
[Result "0-1"]
[WhiteElo "1860"]
[BlackElo "1749"]
[PlyCount "40"]
[EventDate "2019.07.22"]
[EventType "team-swiss"]
[EventRounds "9"]
[EventCountry "TUR"]
[SourceTitle "CBM 191 Extra"]
[Source "ChessBase"]
[SourceDate "2019.09.30"]
[SourceVersion "1"]
[SourceVersionDate "2019.09.30"]
[SourceQuality "1"]
[WhiteTeam "Aydin Egitim Merkezi"]
[BlackTeam "Kahramanmaras CC"]
[WhiteTeamCountry "TUR"]
[BlackTeamCountry "TUR"]

1. e4 c5 2. Nf3 g6 3. g3 Nc6 4. Bg2 Nf6 5. d3 Bg7 6. 0-0 0-0 7. Re1 d6 8. c3 Rb8 9. a3 b5 10. b4 a6 11. bxc5 dxc5 12. Bf4 Rb7 13. Qc2 Rd7 14. e5 Nd5 15. Bd2 Qb6 16. c4 Nc7 17. Nc3 b4 18. Na4 Qb7 19. axb4 Nxb4 20. Bxb4 Qxb4 0-1

[Event "World School-ch U15"]
[Site "Antalya"]
[Date "2019.04.25"]
[Round "8"]
[White "Ozsac, Samet Harun"]
[Black "Bozyaka, Altug"]
[Result "1-0"]
[WhiteElo "1803"]
[BlackElo "1658"]
[PlyCount "97"]
[EventDate "2019.04.18"]
[EventType "swiss"]
[EventRounds "9"]
[EventCountry "TUR"]
[SourceTitle "CBM 190 Extra"]
[Source "ChessBase"]
[SourceDate "2019.07.15"]
[SourceVersion "1"]
[SourceVersionDate "2019.07.15"]
[SourceQuality "1"]

1. e4 c5 2. Nf3 d6 3. d4 cxd4 4. Nxd4 Nf6 5. Nc3 a6 6. h3 e5 7. Nde2 h5 8. g3 Be6 9. Bg2 Be7 10. 0-0 0-0 11. a4 Nc6 12. b3 Rc8 13. Bg5 Nb4 14. Qd2 Qa5 15. Rac1 Rfd8 16. Bxf6 Bxf6 17. Nd5 Bxd5 18. exd5 Nc6 19. b4 Qxb4 20. c3 Qxa4 21. dxc6 bxc6 22. Ra1 Qc4 23. Qa2 Qc5 24. Qxa6 d5 25. Rfb1 Rb8 26. Qd3 Qd6 27. Qd2 Rd7 28. Rxb8+ Qxb8 29. c4 Qb3 30. cxd5 cxd5 31. Ra8+ Kh7 32. Nc3 d4 33. Ne4 Be7 34. Ng5+ Kg6 35. Ra6+ Rd6 36. Rxd6+ Bxd6 37. Be4+ f5 38. Bc2 Bb4 39. Bxb3 Bxd2 40. Nf3 Bc3 41. Nxe5+ Kf6 42. Nd3 g5 43. h4 Bd2 44. Bd1 f4 45. hxg5+ Kxg5 46. Nxf4 h4 47. Nh3+ Kg6 48. gxh4 Kh6 49. Kg2 1-0

[Event "World School-ch U15"]
[Site "Antalya"]
[Date "2019.04.22"]
[Round "5"]
[White "Cilek, Bora"]
[Black "Ozsac, Samet Harun"]
[Result "1-0"]
[WhiteElo "1976"]
[BlackElo "1803"]
[PlyCount "92"]
[EventDate "2019.04.18"]
[EventType "swiss"]
[EventRounds "9"]
[EventCountry "TUR"]
[SourceTitle "CBM 190 Extra"]
[Source "ChessBase"]
[SourceDate "2019.07.15"]
[SourceVersion "1"]
[SourceVersionDate "2019.07.15"]
[SourceQuality "1"]

1. e4 c5 2. c3 g6 3. d4 cxd4 4. cxd4 d5 5. e5 Bg7 6. Nf3 Nh6 7. Bf4 Bg4 8. Qd2 Bxf3 9. Bxh6 Bxh6 10. Qxh6 Be4 11. Nc3 Nc6 12. f3 Bf5 13. Bb5 Qa5 14. 0-0 0-0-0 15. Bxc6 bxc6 16. Rfc1 Qb4 17. Qd2 Kd7 18. a3 Qb3 19. Na2 Qd3 20. Qf2 Rc8 21. Nb4 Qb3 22. Rc3 Qa4 23. Rac1 c5 24. dxc5 Be6 25. c6+ Ke8 26. Qc5 d4 27. Qxd4 a5 28. Qa7 Qb5 29. Nd3 Kf8 30. Qc5 Qa4 31. b4 axb4 32. axb4 Kg7 33. Qxe7 Rhd8 34. Nc5 Rd1+ 35. Kf2 Qa2+ 36. Kg3 Bh3 37. Qf6+ Kg8 38. Kxh3 Rd2 39. Qg5 Rxc6 40. Ne4 Qe6+ 41. g4 Rxc3 42. Rxc3 Rb2 43. Qd8+ Kg7 44. Qf6+ Qxf6 45. exf6+ Kh6 46. g5+ Kh5 1-0

[Event "World School-ch U15"]
[Site "Antalya"]
[Date "2019.04.20"]
[Round "3"]
[White "Pestryakov, Nikita"]
[Black "Ozsac, Samet Harun"]
[Result "1-0"]
[WhiteElo "2071"]
[BlackElo "1803"]
[PlyCount "65"]
[EventDate "2019.04.18"]
[EventType "swiss"]
[EventRounds "9"]
[EventCountry "TUR"]
[SourceTitle "CBM 190 Extra"]
[Source "ChessBase"]
[SourceDate "2019.07.15"]
[SourceVersion "1"]
[SourceVersionDate "2019.07.15"]
[SourceQuality "1"]

1. e4 c5 2. c3 g6 3. d4 cxd4 4. cxd4 d5 5. exd5 Nf6 6. Nc3 Bg7 7. Bb5+ Bd7 8. Bc4 0-0 9. Nf3 Bf5 10. 0-0 Na6 11. Bf4 Nb4 12. Qb3 a5 13. Rac1 Rc8 14. Nd2 Bd3 15. Rfd1 Bxc4 16. Nxc4 Nfxd5 17. Be5 Bh6 18. Nxd5 Qxd5 19. Rc3 f6 20. Bg3 Qf7 21. Nxa5 Nxa2 22. Rxc8 Rxc8 23. d5 Nc1 24. Qxb7 Rc2 25. Nc6 Ne2+ 26. Kf1 Bf8 27. Nd8 Qg7 28. d6 Nxg3+ 29. hxg3 Rc5 30. Rd3 Qh6 31. Ne6 Qh1+ 32. Ke2 Qh5+ 33. Qf3 1-0

[Event "World School-ch U15"]
[Site "Antalya"]
[Date "2019.04.19"]
[Round "2"]
[White "Bizhigitov, Zhangir"]
[Black "Ozsac, Samet Harun"]
[Result "1-0"]
[WhiteElo "2024"]
[BlackElo "1803"]
[PlyCount "63"]
[EventDate "2019.04.18"]
[EventType "swiss"]
[EventRounds "9"]
[EventCountry "TUR"]
[SourceTitle "CBM 190 Extra"]
[Source "ChessBase"]
[SourceDate "2019.07.15"]
[SourceVersion "1"]
[SourceVersionDate "2019.07.15"]
[SourceQuality "1"]

1. d4 Nf6 2. c4 g6 3. Nc3 Bg7 4. e4 d6 5. Be2 0-0 6. Bg5 Nbd7 7. Qd2 e5 8. d5 a5 9. h4 Nc5 10. f3 h5 11. Nh3 Bxh3 12. Rxh3 Qd7 13. 0-0-0 Kh7 14. Rhh1 Rh8 15. g4 Kg8 16. gxh5 Nxh5 17. Rdg1 a4 18. Kb1 a3 19. b3 c6 20. Rd1 Ng3 21. Rh2 Nxe2 22. Nxe2 cxd5 23. Qxd5 Ne6 24. Be3 Ra6 25. Bf2 Nf4 26. Nxf4 exf4 27. h5 Rxh5 28. Rxh5 gxh5 29. Rg1 Kf8 30. Qg5 Be5 31. Bh4 f6 32. Qg8+ 1-0

[Event "Serik op"]
[Site "Serik"]
[Date "2017.05.18"]
[Round "4"]
[White "Ozsac, Samet Harun"]
[Black "Ayan, Bengu Sena"]
[Result "0-1"]
[WhiteElo "1630"]
[BlackElo "1856"]
[PlyCount "110"]
[EventDate "2017.05.16"]
[EventType "swiss"]
[EventRounds "9"]
[EventCountry "TUR"]
[SourceTitle "CBM 178 Extra"]
[Source "ChessBase"]
[SourceDate "2017.06.22"]
[SourceVersion "1"]
[SourceVersionDate "2017.06.22"]
[SourceQuality "1"]

1. e4 e6 2. Qe2 d5 3. exd5 Qxd5 4. Nc3 Qd8 5. g3 c5 6. Nf3 Nc6 7. d3 Nf6 8. Bg2 Be7 9. 0-0 0-0 10. Bd2 Nd5 11. Nxd5 exd5 12. Bf4 Bg4 13. c3 Qd7 14. Qc2 Bf6 15. Rfe1 Rfe8 16. Rxe8+ Rxe8 17. Re1 Rxe1+ 18. Nxe1 h6 19. Nf3 g5 20. Bc1 Qf5 21. Ne1 d4 22. f3 Qe6 23. Kf2 Bf5 24. c4 Nb4 25. Qb3 b6 26. a3 Nc6 27. Qc2 Qd6 28. Qe2 Ne5 29. Bf1 a6 30. Kg2 Bd7 31. Qc2 Bc6 32. Be2 Qe6 33. Bf1 g4 34. Be2 Qf5 35. Qd1 Qh5 36. Bf4 Ng6 37. Bc1 Bg5 38. Bd2 Ne5 39. Bxg5 hxg5 40. b3 gxf3+ 41. Bxf3 Nxf3 42. Nxf3 g4 43. Qe1 Bxf3+ 44. Kg1 Qg5 45. Qe8+ Kg7 46. h4 Qc1+ 47. Kf2 Qd2+ 48. Kf1 Qg2+ 49. Ke1 Qxg3+ 50. Kd2 Qf2+ 51. Kc1 Qe3+ 52. Qxe3 dxe3 53. b4 g3 54. bxc5 bxc5 55. d4 g2 0-1